<?xml version="1.0" encoding="UTF-8"?>
<collection xmlns="http://www.loc.gov/MARC21/slim">
 <record>
  <leader>01049cgm a2200253 a 4500</leader>
  <controlfield tag="005">20251105122529.0</controlfield>
  <controlfield tag="006">a|||||r||||  0| vl</controlfield>
  <controlfield tag="007">vd cvaizk</controlfield>
  <controlfield tag="008">171125t1966    nyu120        000 vleng d</controlfield>
  <datafield tag="020" ind1=" " ind2=" ">
   <subfield code="a">0769796060</subfield>
  </datafield>
  <datafield tag="040" ind1=" " ind2=" ">
   <subfield code="a">BD-DhAAL</subfield>
   <subfield code="c">BD-DhAAL</subfield>
  </datafield>
  <datafield tag="082" ind1="0" ind2="4">
   <subfield code="a">839.8226</subfield>
   <subfield code="2">20</subfield>
  </datafield>
  <datafield tag="100" ind1="1" ind2=" ">
   <subfield code="a">Miller, Arther,</subfield>
   <subfield code="d">1915-2005,</subfield>
   <subfield code="e">author.</subfield>
   <subfield code="9">59802</subfield>
  </datafield>
  <datafield tag="245" ind1="1" ind2="3">
   <subfield code="a">An enemy of the people</subfield>
   <subfield code="h">[DVD] /</subfield>
   <subfield code="c">Arthur Miller ; produced by Jack Landau ; directed by Paul Bogart ; starring, James Daly, Philip Boscoand Kate Reid.</subfield>
  </datafield>
  <datafield tag="260" ind1=" " ind2=" ">
   <subfield code="a">New York :</subfield>
   <subfield code="b">Thirteen/WNET,</subfield>
   <subfield code="c">c1966.</subfield>
  </datafield>
  <datafield tag="300" ind1=" " ind2=" ">
   <subfield code="a">videodisc [DVD] (120 min.) :</subfield>
   <subfield code="b">sd., col. ;</subfield>
   <subfield code="c"> 4 3/4 in.</subfield>
  </datafield>
  <datafield tag="526" ind1="8" ind2=" ">
   <subfield code="a">ENH</subfield>
  </datafield>
  <datafield tag="538" ind1=" " ind2=" ">
   <subfield code="a">Digital video disc, Dolby.</subfield>
  </datafield>
  <datafield tag="541" ind1="1" ind2=" ">
   <subfield code="e">00020442</subfield>
  </datafield>
  <datafield tag="650" ind1=" " ind2="0">
   <subfield code="a">Norwegian drama.</subfield>
   <subfield code="9">4839</subfield>
  </datafield>
  <datafield tag="852" ind1="4" ind2=" ">
   <subfield code="a">Ayesha Abed Library</subfield>
   <subfield code="j">General shelf</subfield>
  </datafield>
  <datafield tag="942" ind1=" " ind2=" ">
   <subfield code="2">ddc</subfield>
   <subfield code="c">AV</subfield>
  </datafield>
  <datafield tag="999" ind1=" " ind2=" ">
   <subfield code="c">8922</subfield>
   <subfield code="d">8922</subfield>
  </datafield>
  <datafield tag="952" ind1=" " ind2=" ">
   <subfield code="0">0</subfield>
   <subfield code="1">4</subfield>
   <subfield code="2">ddc</subfield>
   <subfield code="4">0</subfield>
   <subfield code="6">839_822600000000000_MIL</subfield>
   <subfield code="7">0</subfield>
   <subfield code="9">10918</subfield>
   <subfield code="a">BRACUL</subfield>
   <subfield code="b">BRACUL</subfield>
   <subfield code="c">AV</subfield>
   <subfield code="d">2010-06-13</subfield>
   <subfield code="e">BRAC Institute of Language</subfield>
   <subfield code="g">500.00</subfield>
   <subfield code="l">0</subfield>
   <subfield code="o">839.8226 MIL</subfield>
   <subfield code="p">4010020442</subfield>
   <subfield code="r">2010-06-13</subfield>
   <subfield code="t">1</subfield>
   <subfield code="v">500.00</subfield>
   <subfield code="w">2010-06-13</subfield>
   <subfield code="y">AV</subfield>
   <subfield code="x">Koha Inventory 2020</subfield>
  </datafield>
 </record>
</collection>
